| 000 | 00913nam0a22002651 4500 | ||
|---|---|---|---|
| 001 | RU\INFOCOMM_322\NLR\5000206912 | ||
| 005 | 20250613111710.0 | ||
| 035 | _a(NLR Aleph) 009593848 | ||
| 090 |
_a9267370 _c9267370 |
||
| 100 | _a20130301d1965 |||y0rusy50 ca | ||
| 101 | 0 | _afre | |
| 102 | _aRU | ||
| 105 | _ay z ||||| | ||
| 200 | 1 |
_aLes principes fondamentaux de la planification scientifique de l'economie nationale _fP. Morozov |
|
| 210 |
_aM. _c"Progrès" _d1965 |
||
| 215 |
_a178 с. _d16 см |
||
| 300 | _aНа 4-й с. обл.: П. Т. Морозов. Основные принципы научного планирования народного хозяйства | ||
| 620 | _aМосква | ||
| 686 |
_aЭ4(1)210 _2rubbk |
||
| 700 | 1 |
_aMorozov _bP. T. _gPetr Tarasovič |
|
| 801 | 1 |
_aRU _bInfocomm _c20130301 |
|
| 801 | 0 |
_aRU _bINFOCOMM _gPSBO |
|
| 852 |
_aNLR _jЭк31 Г-1/17 |
||
| 942 | _cBOOK | ||
| 980 | _aNB | ||